000 00535nam a22001577a 4500
003 PILC
005 20160321103613.0
008 141007b xxu||||| |||| 00| 0 eng d
050 _aG 155.A1
_b.In61 2011
245 _aInternational place branding yearbook 2011 :
_bmanaging reputational risk /
_cedited by Frank M. Go. and Robert Govers.
260 _aNew York :
_bPalgrave Macmillian,
_c2011.
300 _a211 pages :
_billustrations ;
_c24 cm.
500 _aIncludes index.
650 _aManaging reputation.
942 _2lcc
_cBK
_kFOR
999 _c276022
_d276022